Nenne einen Staat, ... #2 - Statistiken

Allgemein
  • Dieses Quiz wurde 225 mal gespielt
  • Das Durchschnittsergebnis liegt bei 8 aus 10
Antwortstatistiken
Hint Antwort % Korrekt
...der eine Himmelsrichtung im Namen hat Nordkorea, Nordmazedonien, Costa Rica, Osttimor, Südkorea, Südafrika, Südsudan, Westsahara
98%
...der an China UND an Russland grenzt Kasachstan, Mongolei, Nordkorea
96%
...der in Südamerika liegt und NICHT an Brasilien grenzt Ecuador, Chile
95%
...der weniger als 50000 Einwohner hat (Stand: 2022) Monaco, Liechtenstein, San Marino, Palau, Nauru, Tuvalu, Vatikanstadt
95%
...der im Himalaya liegt Pakistan, Indien, China, Nepal, Bhutan
95%
...der an Niger grenzt Nigeria, Benin, Burkina Faso, Mali, Algerien, Libyen, Tschad
94%
...der auf dem Äquator liegt Ecuador, Kolumbien, Brasilien, Gabun, Republik Kongo, Demokratische Republik Kongo, Uganda, Kenia, Somalia, Indonesien
93%
...dessen HDI größer als 0,96 ist Norwegen, Schweiz
45%
...dessen Flagge keine der Farben rot, blau und grün enthält Bhutan
26%
...der in "freier Assoziation" (COFA) mit den USA steht Föderierte Staaten von Mikronesien, Palau, Marshallinseln
19%
Keine übereinstimmenden Quizze gefunden
Verteilung der Resultate
Anzahl Personen mit jedem Resultat
Perzentil nach korrekt beantworteten Fragen
Ihre Resultats-Entwicklung
Sie haben dieses Quiz noch nicht gespielt